000 00281nam a2200121Ia 4500
008 220216s9999 xx 000 0 und d
100 _aMatthan R K
245 0 _aGloves : Growing global market
260 _bRubber Asia
_c1997
300 _a33-36
650 _aGloves
942 _cJS
999 _c60005
_d60005